00455nam a22000857a 4500008004100000082001900041245027700060260002300337300000900360230605b xxu||||| |||| 00| 0 eng d a328.6762bEALA aEALAbRsource-based conflict in east africa:A case study of the kagera;karamoja and lake victoria border regionscReport on a preliminary study by the committees of regional affairs and conflicts resolution, and of agriculture ,tourism and natural resources hoctober 2003 aArushabEALAc2006 a140p